000 00256nam a22001217a 4500
008 180214b xxu||||| |||| 00| 0 eng d
041 _aeng
080 _a7
100 _a41
101 _aART
245 _aPAZSTORY AZTEC ART
_cABRAMS
942 _2udc
_cBK
999 _c42522
_d42522